[Event "28th CRO-chT 1B-Men 2019"]
[Site "Mali Losinj"]
[Date "2019.10.02"]
[Round "5.13"]
[White "Ruck, Robert"]
[Black "Ivic, Velimir"]
[Result "1/2-1/2"]
[WhiteElo "2530"]
[BlackElo "2525"]
[Annotator "ChessBase"]
[PlyCount "52"]
[EventDate "2019.09.28"]
[EventType "team-tourn"]
[EventCountry "CRO"]
[SourceTitle "playchess.com"]
[Source "ChessBase"]
[SourceQuality "1"]
[TimeControl "40/5400+30:1800+30"]

1. e4 {[%emt 0:00:30]} c5 {[%emt 0:00:30]} 2. Nf3 {[%emt 0:00:30]} Nc6 {[%emt 0:00:30]} 3. Bb5 {[%emt 0:00:30]} g6 {[%emt 0:00:00]} 4. O-O {[%emt 0:00:00]} Bg7 {[%emt 0:00:00]} 5. c3 {[%emt 0:00:00]} e5 {[%emt 0:01:30]} 6. d4 {[%emt 0:01:30]} cxd4 {[%emt 0:00:00]} 7. cxd4 {[%emt 0:00:30]} exd4 {[%emt 0:00:00]} 8. Bf4 {[%emt 0:00:30]} a6 {[%emt 0:00:00]} 9. Qa4 {[%emt 0:00:30]} Nge7 {[%emt 0:04:00]} 10. Bd6 {[%emt 0:00:30]} Ra7 {[%emt 0:04:30]} 11. Bd3 {[%emt 0:01:30]} O-O {[%emt 0:33:30]} 12. Nbd2 {[%emt 0:02:30]} b5 {[%emt 0:01:30]} 13. Qd1 {[%emt 0:15:30]} Bb7 {[%emt 0:03:30]} 14. a4 {[%emt 0:01:30]} bxa4 {[%emt 0:14:30]} 15. Qxa4 {[%emt 0:15:30]} a5 {[%emt 0:06:30]} 16. Rfd1 {[%emt 0:05:30]} h6 {[%emt 0:07:31]} 17. Nb3 {[%emt 0:13:30]} Re8 {[%emt 0:04:27]} 18. Nbxd4 {[%emt 0:18:55]} Nxd4 {[%emt 0:01:05]} 19. Nxd4 {[%emt 0:00:12]} Qb6 {[%emt 0:01:51]} 20. Nb5 {[%emt 0:07:48]} Bc6 {[%emt 0:03:28]} 21. Qa3 {[%emt 0:00:23]} Bxb5 {[%emt 0:02:18]} 22. Bc5 {[%emt 0:00:11]} Qb7 {[%emt 0:00:28]} 23. Bxb5 {[%emt 0:01:32]} Raa8 {[%emt 0:00:14]} 24. Qa4 {[%emt 0:01:59]} Nc6 {[%emt 0:01:15]} 25. Be3 {[%emt 0:07:15]} Rab8 {[%emt 0:03:00]} 26. Bxc6 {[%emt 0:03:20]} Qxc6 {[%emt 0:03:01]} 1/2-1/2

[Event "28th CRO-chT 1B-Men 2019"]
[Site "Mali Losinj"]
[Date "2019.10.02"]
[Round "5.14"]
[White "Doric, Darko"]
[Black "Horvath, Adam"]
[Result "1-0"]
[WhiteElo "2476"]
[BlackElo "2489"]
[Annotator "ChessBase"]
[PlyCount "79"]
[EventDate "2019.09.28"]
[EventType "team-tourn"]
[EventCountry "CRO"]
[SourceTitle "playchess.com"]
[Source "ChessBase"]
[SourceQuality "1"]
[TimeControl "40/5400+30:1800+30"]

1. d4 {[%emt 0:00:30]} Nf6 {[%emt 0:00:30]} 2. Bg5 {[%emt 0:03:30]} e6 {[%emt 0:00:30]} 3. e3 {[%emt 0:00:30]} c5 {[%emt 0:02:30]} 4. Nd2 {[%emt 0:00:30]} d5 {[%emt 0:03:30]} 5. c3 {[%emt 0:00:00]} Nc6 {[%emt 0:02:30]} 6. Ngf3 {[%emt 0:00:00]} h6 {[%emt 0:02:30]} 7. Bh4 {[%emt 0:00:30]} Be7 {[%emt 0:09:30]} 8. Bd3 {[%emt 0:00:30]} cxd4 {[%emt 0:03:30]} 9. exd4 {[%emt 0:00:30]} Nh5 {[%emt 0:00:30]} 10. Bxe7 {[%emt 0:03:30]} Qxe7 {[%emt 0:00:00]} 11. O-O {[%emt 0:01:30]} Nf4 {[%emt 0:00:00]} 12. Bc2 {[%emt 0:01:30]} Qf6 {[%emt 0:22:30]} 13. g3 {[%emt 0:00:30]} Ng6 {[%emt 0:00:30]} 14. Qe2 {[%emt 0:10:30]} O-O {[%emt 0:00:30]} 15. h4 {[%emt 0:03:30]} e5 {[%emt 0:25:30]} 16. h5 {[%emt 0:08:30]} Bg4 {[%emt 0:14:04]} 17. hxg6 {[%emt 0:08:30]} e4 {[%emt 0:01:31]} 18. Qb5 {[%emt 0:00:30]} exf3 {[%emt 0:08:06]} 19. Qxd5 {[%emt 0:00:30]} Rae8 {[%emt 0:00:23]} 20. gxf7+ {[%emt 0:01:30]} Rxf7 {[%emt 0:00:10]} 21. Ne4 {[%emt 0:02:30]} Qf5 {[%emt 0:00:17]} 22. Qxf5 {[%emt 0:00:30]} Bxf5 {[%emt 0:00:08]} 23. Nd6 {[%emt 0:00:30]} Bxc2 {[%emt 0:00:41]} 24. Nxe8 {[%emt 0:00:00]} Rd7 {[%emt 0:00:45]} 25. Rfe1 {[%emt 0:02:00]} Kf8 {[%emt 0:01:21]} 26. d5 {[%emt 0:01:30]} Na5 {[%emt 0:00:25]} 27. d6 {[%emt 0:00:30]} Nc4 {[%emt 0:00:21]} 28. b3 {[%emt 0:12:30]} Na3 {[%emt 0:00:37]} 29. Nc7 {[%emt 0:00:30]} Rxd6 {[%emt 0:00:31]} 30. Ne6+ {[%emt 0:01:30]} Kg8 {[%emt 0:00:30]} 31. Nd4 {[%emt 0:00:00]} Bg6 {[%emt 0:00:24]} 32. Re7 {[%emt 0:02:00]} Nb1 {[%emt 0:00:28]} 33. Nxf3 {[%emt 0:02:30]} Nxc3 {[%emt 0:00:39]} 34. Rc1 {[%emt 0:04:30]} Rc6 {[%emt 0:00:06]} 35. Kh2 {[%emt 0:02:30]} Nxa2 {[%emt 0:00:17]} 36. Rd1 {[%emt 0:01:30]} Bh5 {[%emt 0:00:59]} 37. Rd8+ {[%emt 0:00:30]} Kh7 {[%emt 0:00:03]} 38. Ne5 {[%emt 0:00:30]} Rf6 {[%emt 0:01:04]} 39. Rdd7 {[%emt 0:00:00]} Rxf2+ {[%emt 0:00:10]} 40. Kg1 {[%emt 0:00:00]} 1-0

[Event "28th CRO-chT 1B-Men 2019"]
[Site "Mali Losinj"]
[Date "2019.10.02"]
[Round "5.15"]
[White "Dabo-Peranic, Robert"]
[Black "Plenkovic, Zdenko"]
[Result "1-0"]
[WhiteElo "2323"]
[BlackElo "2368"]
[Annotator "NA"]
[PlyCount "60"]
[EventDate "2019.09.28"]
[EventType "team-tourn"]
[EventCountry "CRO"]
[SourceTitle "playchess.com"]
[Source "ChessBase"]
[SourceQuality "1"]
[TimeControl "40/5400+30:1800+30"]

1. e4 {[%emt 0:00:30]} d5 {[%emt 0:03:30]} 2. exd5 {[%emt 0:00:00]} Qxd5 {[%emt 0:00:30]} 3. Nc3 {[%emt 0:00:00]} Qd6 {[%emt 0:00:30]} 4. d4 {[%emt 0:00:00]} Nf6 {[%emt 0:00:00]} 5. Nf3 {[%emt 0:00:00]} g6 {[%emt 0:00:00]} 6. Nb5 {[%emt 0:00:30]} Qb6 {[%emt 0:00:00]} 7. c4 {[%emt 0:01:30]} c6 {[%emt 0:00:00]} 8. Nc3 {[%emt 0:00:00]} Bg7 {[%emt 0:00:30]} 9. Be2 {[%emt 0:00:00]} O-O {[%emt 0:01:30]} 10. O-O {[%emt 0:00:00]} c5 {[%emt 0:10:30]} 11. Na4 {[%emt 0:01:00]} Qc7 {[%emt 0:00:00]} 12. Nxc5 {[%emt 0:00:30]} Nc6 {[%emt 0:06:00]} 13. Nb3 {[%emt 0:53:30]} Rd8 {[%emt 0:21:30]} 14. Be3 {[%emt 0:00:30]} a5 {[%emt 0:14:30]} 15. h3 {[%emt 0:00:30]} a4 {[%emt 0:04:30]} 16. Nbd2 {[%emt 0:00:30]} Nh5 {[%emt 0:03:30]} 17. d5 {[%emt 0:06:30]} a3 {[%emt 0:03:30]} 18. bxa3 {[%emt 0:04:30]} Bxa1 {[%emt 0:07:30]} 19. Qxa1 {[%emt 0:01:30]} Nb8 {[%emt 0:00:30]} 20. Rb1 {[%emt 0:01:30]} Nd7 {[%emt 0:01:30]} 21. Nd4 {[%emt 0:00:30]} Qe5 {[%emt 0:03:34]} 22. g4 {[%emt 0:01:30]} Nf4 {[%emt 0:09:01]} 23. Bf1 {[%emt 0:00:30]} Rxa3 {[%emt 0:00:00]} 24. N2f3 {[%emt 0:07:14]} Qe4 {[%emt 0:03:38]} 25. Nd2 {[%emt 0:07:09]} Qe5 {[%emt 0:00:25]} 26. N2f3 {[%emt 0:03:22]} Qe4 {[%emt 0:00:07]} 27. Ng5 {[%emt 0:00:05]} Qe5 {[%emt 0:00:13]} 28. Bxf4 {[%emt 0:01:02]} Qxf4 {[%emt 0:00:11]} 29. Nde6 {[%emt 0:00:11]} fxe6 {[%emt 0:03:13]} 30. Nxe6 {[%emt 0:00:02]} Qf6 {[%emt 0:04:38]} 1-0

[Event "28th CRO-chT 1B-Men 2019"]
[Site "Mali Losinj"]
[Date "2019.10.02"]
[Round "5.16"]
[White "Rade, Miroslav"]
[Black "Rubil, Marko"]
[Result "1/2-1/2"]
[WhiteElo "2390"]
[BlackElo "2290"]
[Annotator "TA"]
[PlyCount "88"]
[EventDate "2019.09.28"]
[EventType "team-tourn"]
[EventCountry "CRO"]
[SourceTitle "playchess.com"]
[Source "ChessBase"]
[SourceQuality "1"]

{[%evp 9,88,17,35,-6,32,-9,-8,0,-11,0,25,17,18,18,14,12,20,18,39,49,31,42,87,36,49,-69,163,10,7,6,14,29,48,48,55,24,23,27,35,0,0,-62,-35,-215,-201,-217,-232,-207,-202,-240,-254,-241,-244,-249,-205,-206,-206,-184,-195,-185,-195,-267,61,61,372,0,0,0,0,0,0,-62,0,0,0,0,0,0,0,0,0]} 1. e4 e5 2. Nf3 Nc6 3. Bb5 Nf6 4. d3 Bc5 5. c3 d5 6. O-O {C65: Ruy Lopez: Berlin Defence (3...Nf6), unusual lines and 4 0-0 Bc5} O-O 7. Bxc6 bxc6 8. Nxe5 dxe4 9. d4 Bb6 10. Bg5 h6 $146 ({Predecessor:} 10... c5 11. Nd2 cxd4 12. Nxe4 dxc3 13. Qf3 Bb7 14. Bxf6 Bxe4 15. Qxe4 Qxf6 {1-0 (31) Wei,Y (2706)-Karjakin,S (2785) Wijk aan Zee 2017}) 11. Bxf6 Qxf6 12. Nd2 $36 {[%mdl 2048] Hoping for Re1. White has the initiative.} Qe6 13. b4 c5 14. bxc5 Bxc5 15. Nxe4 Bb6 16. Re1 (16. Qb3 $16) 16... Bb7 $14 {Threatening ...Bxe4.} 17. Qf3 (17. Qb1 $14) 17... Bd5 $2 (17... Rae8 $1 $15 18. Nc5 Qxe5 19. Rxe5 Bxf3 20. Rxe8 Rxe8 21. gxf3 Bxc5 22. dxc5 Re5) 18. a4 $2 (18. Nf6+ $1 $18 gxf6 19. Qg3+ Kh8 20. Ng6+ $1 {[%mdl 576] Discovered Attack} fxg6 21. Rxe6 Bxe6 22. a4 (22. Qxg6 Rf7 $16)) 18... f5 $11 19. a5 fxe4 20. Qg3 Rf5 21. axb6 cxb6 22. Reb1 a5 23. h3 a4 24. Ng4 Bb3 25. Ne3 (25. Rxb3 $11 axb3 26. Rxa8+ Kh7 27. d5 Qxd5 28. Ra7) 25... Rg5 26. d5 $2 (26. Ng4 $1 $15) 26... Bxd5 $19 27. Qc7 Bb3 $1 28. c4 {Threatens to win with Rxb3!} Rc8 29. Qf4 Rf8 30. Qh4 Qe5 31. Re1 Rf4 32. Ng4 Qf5 {Strongly threatening ...h5.} 33. g3 Rf3 34. Rxe4 {[#]} Qc5 $1 35. Re3 (35. Rf4 $142 Rc3 36. Ne3) 35... Rxf2 $2 (35... Rf8 $19 36. Rae1 Qxc4) 36. Kxf2 $14 h5 $2 {[%mdl 8192] [#]} (36... Bxc4 $14 37. Rae1 (37. Rxa4 Qf5+ 38. Kg1 Qb1+ 39. Kg2 Qc2+ {[%mdl 64] Double Attack} 40. Nf2 Qxa4 $17) 37... a3) 37. Rae1 $2 (37. Nh2 $1 $18) 37... hxg4 $11 38. Kg2 Bxc4 {And now ...Bb5 would win.} 39. Re8+ ({Don't play} 39. hxg4 Bb5 $17) 39... Kf7 {White must now prevent ...Bd5+.} 40. R8e7+ ({White should play} 40. hxg4 $11 Qc6+ 41. Kh3) 40... Kf6 ({Black should try} 40... Kg6 $1 $15 41. hxg4 Qd4) 41. R7e5 {White wants to mate with Qxg5+.The position is equal.} Bd5+ 42. Kf1 Bc4+ 43. Kg2 {Intending Qxg5+ and mate.} Bd5+ 44. Kf1 Bc4+ {Accuracy: White = 39%, Black = 43%.} 1/2-1/2

[Event "28th CRO-chT 1B-Men 2019"]
[Site "Mali Losinj"]
[Date "2019.10.02"]
[Round "5.17"]
[White "Martic, Zlatko"]
[Black "Polok, Kacper"]
[Result "1-0"]
[WhiteElo "2299"]
[BlackElo "2301"]
[Annotator "NA"]
[PlyCount "93"]
[EventDate "2019.09.28"]
[EventType "team-tourn"]
[EventCountry "CRO"]
[SourceTitle "playchess.com"]
[Source "ChessBase"]
[SourceQuality "1"]
[TimeControl "40/5400+30:1800+30"]

1. e4 {[%emt 0:05:30]} c5 {[%emt 0:02:30]} 2. Nf3 {[%emt 0:00:30]} Nc6 {[%emt 0:00:00]} 3. d4 {[%emt 0:00:30]} cxd4 {[%emt 0:00:00]} 4. Nxd4 {[%emt 0:00:00]} e5 {[%emt 0:00:30]} 5. Nb5 {[%emt 0:00:00]} d6 {[%emt 0:00:00]} 6. N1c3 {[%emt 0:00:30]} a6 {[%emt 0:00:00]} 7. Na3 {[%emt 0:00:00]} Be6 {[%emt 0:02:30]} 8. Nc4 {[%emt 0:05:00]} b5 {[%emt 0:01:30]} 9. Ne3 {[%emt 0:00:00]} Nf6 {[%emt 0:00:30]} 10. Bd3 {[%emt 0:02:00]} Be7 {[%emt 0:25:30]} 11. a4 {[%emt 0:02:30]} b4 {[%emt 0:06:30]} 12. Ncd5 {[%emt 0:00:30]} O-O {[%emt 0:00:00]} 13. O-O {[%emt 0:03:30]} Nd7 {[%emt 0:06:00]} 14. c3 {[%emt 0:04:30]} bxc3 {[%emt 0:04:30]} 15. bxc3 {[%emt 0:00:00]} Nc5 {[%emt 0:00:30]} 16. Ba3 {[%emt 0:02:00]} Bg5 {[%emt 0:01:30]} 17. Bxc5 {[%emt 0:10:30]} dxc5 {[%emt 0:00:30]} 18. Qe2 {[%emt 0:00:30]} Bxe3 {[%emt 0:00:30]} 19. Nxe3 {[%emt 0:04:30]} Qa5 {[%emt 0:04:30]} 20. Rfc1 {[%emt 0:00:30]} Ne7 {[%emt 0:06:30]} 21. Nc4 {[%emt 0:03:30]} Qc7 {[%emt 0:04:30]} 22. a5 {[%emt 0:18:30]} Nc6 {[%emt 0:01:30]} 23. Qa2 {[%emt 0:01:30]} Rad8 {[%emt 0:05:30]} 24. Bf1 {[%emt 0:00:30]} Na7 {[%emt 0:05:30]} 25. Qb2 {[%emt 0:09:30]} Bxc4 {[%emt 0:03:41]} 26. Bxc4 {[%emt 0:01:30]} Rb8 {[%emt 0:00:04]} 27. Qa2 {[%emt 0:05:35]} Nb5 {[%emt 0:00:11]} 28. Rab1 {[%emt 0:04:53]} g6 {[%emt 0:00:31]} 29. h3 {[%emt 0:01:18]} Kg7 {[%emt 0:00:13]} 30. Bxb5 {[%emt 0:01:05]} axb5 {[%emt 0:02:28]} 31. a6 {[%emt 0:01:22]} Rb6 {[%emt 0:01:08]} 32. Rb3 {[%emt 0:09:58]} Ra8 {[%emt 0:00:42]} 33. Qb1 {[%emt 0:00:12]} Qc6 {[%emt 0:01:20]} 34. Qb2 {[%emt 0:01:02]} Raxa6 {[%emt 0:04:37]} 35. c4 {[%emt 0:01:07]} b4 {[%emt 0:05:09]} 36. Qxe5+ {[%emt 0:00:11]} f6 {[%emt 0:00:07]} 37. Qe7+ {[%emt 0:00:19]} Kh6 {[%emt 0:02:36]} 38. Qf8+ {[%emt 0:00:09]} Kh5 {[%emt 0:00:16]} 39. g4+ {[%emt 0:00:57]} Kg5 {[%emt 0:00:05]} 40. Re3 {[%emt 0:00:00]} Ra8 {[%emt 0:00:00]} 41. h4+ {[%emt 0:05:22]} Kf4 {[%emt 0:13:22]} 42. Qh6+ {[%emt 0:01:30]} Ke5 {[%emt 0:00:00]} 43. Rd1 {[%emt 0:00:30]} Rg8 {[%emt 0:08:27]} 44. Rd5+ {[%emt 0:00:30]} Ke6 {[%emt 0:00:06]} 45. e5 {[%emt 0:00:30]} b3 {[%emt 0:04:10]} 46. exf6+ {[%emt 0:00:30]} Kxf6 {[%emt 0:00:12]} 47. Rf3+ {[%emt 0:00:30]} 1-0

[Event "28th CRO-chT 1B-Men 2019"]
[Site "Mali Losinj"]
[Date "2019.10.02"]
[Round "5.18"]
[White "Curic, Drazen"]
[Black "Matanovic, Luka"]
[Result "0-1"]
[WhiteElo "2137"]
[BlackElo "2245"]
[Annotator "NA"]
[PlyCount "54"]
[EventDate "2019.09.28"]
[EventType "team-tourn"]
[EventCountry "CRO"]
[SourceTitle "playchess.com"]
[Source "ChessBase"]
[SourceQuality "1"]
[TimeControl "40/5400+30:1800+30"]

1. e4 {[%emt 0:00:30]} e5 {[%emt 0:00:30]} 2. Nc3 {[%emt 0:00:30]} Nf6 {[%emt 0:00:30]} 3. f4 {[%emt 0:00:30]} d5 {[%emt 0:01:30]} 4. fxe5 {[%emt 0:01:30]} Nxe4 {[%emt 0:00:30]} 5. Qf3 {[%emt 0:00:30]} Nxc3 {[%emt 0:02:30]} 6. dxc3 {[%emt 0:00:00]} Be6 {[%emt 0:16:30]} 7. Bf4 {[%emt 0:01:00]} Qd7 {[%emt 0:05:30]} 8. h3 {[%emt 0:05:30]} Be7 {[%emt 0:05:30]} 9. O-O-O {[%emt 0:00:30]} Nc6 {[%emt 0:04:30]} 10. Qg3 {[%emt 0:03:30]} g5 {[%emt 0:05:30]} 11. Be3 {[%emt 0:00:30]} O-O-O {[%emt 0:01:30]} 12. Bb5 {[%emt 0:00:30]} a6 {[%emt 0:00:30]} 13. Be2 {[%emt 0:13:30]} Na5 {[%emt 0:11:30]} 14. Nf3 {[%emt 0:01:30]} Qa4 {[%emt 0:03:30]} 15. a3 {[%emt 0:06:30]} Nc4 {[%emt 0:10:30]} 16. Bxc4 {[%emt 0:00:30]} Qxc4 {[%emt 0:00:30]} 17. Nd2 {[%emt 0:06:30]} Qa2 {[%emt 0:01:30]} 18. Nb3 {[%emt 0:03:30]} d4 {[%emt 0:09:24]} 19. cxd4 {[%emt 0:00:30]} a5 {[%emt 0:00:47]} 20. d5 {[%emt 0:02:30]} Bxd5 {[%emt 0:04:28]} 21. Qg4+ {[%emt 0:00:30]} Kb8 {[%emt 0:01:45]} 22. Qa4 {[%emt 0:00:30]} Bb4 {[%emt 0:01:49]} 23. Rxd5 {[%emt 0:12:30]} Rxd5 {[%emt 0:00:06]} 24. Rd1 {[%emt 0:06:30]} b5 {[%emt 0:00:30]} 25. Rxd5 {[%emt 0:01:30]} bxa4 {[%emt 0:00:30]} 26. axb4 {[%emt 0:00:30]} axb3 {[%emt 0:00:30]} 27. Rxa5 {[%emt 0:00:30]} Kb7 {[%emt 0:00:30]} 0-1

[Event "28th CRO-chT 1B-Men 2019"]
[Site "Mali Losinj"]
[Date "2019.10.02"]
[Round "5.19"]
[White "Medvegy, Zoltan"]
[Black "Vavulin, Maxim"]
[Result "1-0"]
[WhiteElo "2539"]
[BlackElo "2550"]
[Annotator "ChessBase"]
[PlyCount "71"]
[EventDate "2019.09.28"]
[EventType "team-tourn"]
[EventCountry "CRO"]
[SourceTitle "playchess.com"]
[Source "ChessBase"]
[SourceQuality "1"]
[TimeControl "40/5400+30:1800+30"]

1. c4 {[%emt 0:00:30]} g6 {[%emt 0:00:30]} 2. Nc3 {[%emt 0:00:30]} Bg7 {[%emt 0:00:00]} 3. g3 {[%emt 0:00:00]} e5 {[%emt 0:01:00]} 4. Bg2 {[%emt 0:00:00]} f5 {[%emt 0:00:30]} 5. d3 {[%emt 0:02:30]} Nf6 {[%emt 0:00:00]} 6. e4 {[%emt 0:00:30]} O-O {[%emt 0:01:00]} 7. Nge2 {[%emt 0:00:30]} d6 {[%emt 0:01:30]} 8. exf5 {[%emt 0:02:30]} gxf5 {[%emt 0:00:30]} 9. O-O {[%emt 0:01:30]} c6 {[%emt 0:05:30]} 10. d4 {[%emt 0:03:30]} Qe8 {[%emt 0:20:30]} 11. b3 {[%emt 0:05:30]} f4 {[%emt 0:01:30]} 12. dxe5 {[%emt 0:27:30]} dxe5 {[%emt 0:01:30]} 13. Ba3 {[%emt 0:00:30]} Rf7 {[%emt 0:10:30]} 14. gxf4 {[%emt 0:03:30]} exf4 {[%emt 0:06:30]} 15. Nxf4 {[%emt 0:13:30]} Ng4 {[%emt 0:03:30]} 16. Nfe2 {[%emt 0:05:30]} Rd7 {[%emt 0:12:30]} 17. Qe1 {[%emt 0:01:30]} Rd8 {[%emt 0:16:54]} 18. h3 {[%emt 0:01:30]} Nh6 {[%emt 0:01:32]} 19. Rd1 {[%emt 0:02:30]} Nd7 {[%emt 0:01:05]} 20. Ne4 {[%emt 0:03:30]} Nf5 {[%emt 0:07:15]} 21. N2g3 {[%emt 0:02:30]} Ne5 {[%emt 0:01:43]} 22. f4 {[%emt 0:01:30]} Rxd1 {[%emt 0:02:02]} 23. Qxd1 {[%emt 0:00:30]} Ne3 {[%emt 0:00:28]} 24. Nh5 {[%emt 0:05:25]} Nd7 {[%emt 0:03:18]} 25. Qe2 {[%emt 0:07:20]} Bd4 {[%emt 0:00:31]} 26. Kh1 {[%emt 0:00:27]} Qg6 {[%emt 0:00:29]} 27. Bb2 {[%emt 0:02:14]} Bxb2 {[%emt 0:00:37]} 28. Rg1 {[%emt 0:02:15]} Kf8 {[%emt 0:00:33]} 29. Qxb2 {[%emt 0:02:22]} Qxh5 {[%emt 0:00:25]} 30. Qh8+ {[%emt 0:00:27]} Ke7 {[%emt 0:00:26]} 31. Re1 {[%emt 0:00:53]} Nxg2 {[%emt 0:00:39]} 32. Ng3+ {[%emt 0:00:25]} Nxe1 {[%emt 0:00:11]} 33. Nxh5 {[%emt 0:00:04]} Nf3 {[%emt 0:00:49]} 34. Qxh7+ {[%emt 0:00:46]} Kd8 {[%emt 0:00:11]} 35. Qe4 {[%emt 0:00:32]} Nh4 {[%emt 0:00:43]} 36. f5 {[%emt 0:00:13]} 1-0

[Event "28th CRO-chT 1B-Men 2019"]
[Site "Mali Losinj"]
[Date "2019.10.02"]
[Round "5.20"]
[White "Fercec, Nenad"]
[Black "Rezan, Sasa"]
[Result "1/2-1/2"]
[WhiteElo "2445"]
[BlackElo "2432"]
[Annotator "TA"]
[PlyCount "34"]
[EventDate "2019.09.28"]
[EventType "team-tourn"]
[EventCountry "CRO"]
[SourceTitle "playchess.com"]
[Source "ChessBase"]
[SourceQuality "1"]

{[%evp 11,34,23,31,10,29,0,0,0,0,0,0,0,0,0,0,0,0,8,8,0,3,0,0,0,0]} 1. e4 c5 2. Nf3 d6 3. d4 cxd4 4. Nxd4 Nf6 5. Nc3 a6 6. Bg5 Nbd7 7. Qe2 {B94: Sicilian Najdorf: 6 Bg5 Nbd7} (7. Bc4 Qb6 8. Bb3 e6 9. Qd2 Be7 10. O-O-O Nc5 11. f3 Bd7 12. g4 Qc7 13. a3 b5 14. Ba2 Qb7 15. b4 {½-½ (36) Cheparinov,I (2666)-Saric,I (2681) Patras 2019}) 7... b5 8. O-O-O Bb7 {The position is equal.} 9. f4 {[#] Black must now prevent e5.} Rc8 10. e5 dxe5 11. fxe5 Rxc3 $1 12. exf6 Rc5 13. fxe7 Bxe7 14. Bxe7 Qxe7 15. Qxe7+ Kxe7 16. Bd3 $146 g6 17. Rhe1+ Re5 1/2-1/2

[Event "28th CRO-chT 1B-Men 2019"]
[Site "Mali Losinj"]
[Date "2019.10.02"]
[Round "5.21"]
[White "Bilobrk, Franjo"]
[Black "Zufic, Miroslav"]
[Result "1-0"]
[WhiteElo "2334"]
[BlackElo "2367"]
[Annotator "NA"]
[PlyCount "67"]
[EventDate "2019.09.28"]
[EventType "team-tourn"]
[EventCountry "CRO"]
[SourceTitle "playchess.com"]
[Source "ChessBase"]
[SourceQuality "1"]
[TimeControl "40/5400+30:1800+30"]

1. d4 {[%emt 0:00:30]} Nf6 {[%emt 0:00:30]} 2. c4 {[%emt 0:00:00]} e6 {[%emt 0:00:00]} 3. Nf3 {[%emt 0:00:00]} d5 {[%emt 0:00:00]} 4. Nc3 {[%emt 0:00:00]} Nbd7 {[%emt 0:02:30]} 5. cxd5 {[%emt 0:00:00]} exd5 {[%emt 0:00:00]} 6. Bg5 {[%emt 0:00:30]} Be7 {[%emt 0:00:00]} 7. e3 {[%emt 0:00:00]} c6 {[%emt 0:00:30]} 8. Bd3 {[%emt 0:01:00]} Nh5 {[%emt 0:00:30]} 9. Bxe7 {[%emt 0:01:30]} Qxe7 {[%emt 0:00:00]} 10. O-O {[%emt 0:00:30]} Nhf6 {[%emt 0:01:00]} 11. Qc2 {[%emt 0:01:30]} O-O {[%emt 0:00:30]} 12. Rab1 {[%emt 0:00:30]} Re8 {[%emt 0:11:30]} 13. b4 {[%emt 0:00:30]} a6 {[%emt 0:02:30]} 14. a4 {[%emt 0:02:30]} Nb6 {[%emt 0:00:30]} 15. Ne5 {[%emt 0:03:30]} g6 {[%emt 0:04:30]} 16. a5 {[%emt 0:02:30]} Nbd7 {[%emt 0:00:30]} 17. f4 {[%emt 0:01:30]} Nh5 {[%emt 0:09:30]} 18. Rfe1 {[%emt 0:18:30]} Nf8 {[%emt 0:18:30]} 19. Na4 {[%emt 0:00:30]} f6 {[%emt 0:01:30]} 20. Nb6 {[%emt 0:07:30]} Rb8 {[%emt 0:03:30]} 21. Nf3 {[%emt 0:03:30]} Bg4 {[%emt 0:02:30]} 22. Nd2 {[%emt 0:03:30]} Ng7 {[%emt 0:03:30]} 23. Qc5 {[%emt 0:06:30]} Nfe6 {[%emt 0:09:30]} 24. Qxe7 {[%emt 0:06:30]} Rxe7 {[%emt 0:00:30]} 25. Rbc1 {[%emt 0:00:30]} Rbe8 {[%emt 0:00:30]} 26. Kf2 {[%emt 0:00:30]} Bf5 {[%emt 0:00:30]} 27. Be2 {[%emt 0:00:30]} h5 {[%emt 0:03:30]} 28. Na4 {[%emt 0:11:30]} Bg4 {[%emt 0:03:30]} 29. Bd3 {[%emt 0:00:30]} Bf5 {[%emt 0:00:30]} 30. Be2 {[%emt 0:00:00]} Bg4 {[%emt 0:01:30]} 31. Bd3 {[%emt 0:00:00]} Bf5 {[%emt 0:00:30]} 32. Be2 {[%emt 0:00:30]} g5 {[%emt 0:00:30]} 33. g3 {[%emt 0:00:30]} g4 {[%emt 0:00:30]} 34. Bf1 {[%emt 0:01:30]} 1-0

[Event "28th CRO-chT 1B-Men 2019"]
[Site "Mali Losinj"]
[Date "2019.10.02"]
[Round "5.22"]
[White "Franic, Milan"]
[Black "Biliskov, Vjekoslav"]
[Result "1-0"]
[WhiteElo "2366"]
[BlackElo "2333"]
[Annotator "TA"]
[PlyCount "97"]
[EventDate "2019.09.28"]
[EventType "team-tourn"]
[EventCountry "CRO"]
[SourceTitle "playchess.com"]
[Source "ChessBase"]
[SourceQuality "1"]

{[%evp 16,97,15,-20,0,24,0,0,6,0,56,0,102,94,122,130,138,129,112,112,140,127,245,134,158,166,147,141,195,197,194,181,275,264,268,268,278,273,264,268,282,272,346,342,343,308,319,315,313,268,283,280,260,223,200,200,300,293,288,280,320,204,355,347,367,366,360,336,341,339,473,378,1148,1151,1149,1130,1149,1060,1052,1031,1157,1153,1320,1100]} 1. d4 d5 2. c4 e6 3. Nc3 Bb4 4. Nf3 dxc4 5. e4 b5 6. a4 c6 7. Be2 Bb7 8. O-O a6 9. Qc2 Ne7 {D31: Queen's Gambit Declined: Semi-Slav without ...Nf6 (+ Marshall Gambit and Noteboom) and Exchange Variation lines without ...Nf6} 10. b3 cxb3 $1 11. Qxb3 Ba5 {The position is equal.} 12. Ba3 {[%cal Ra4b5]} Nd7 $146 (12... O-O $11) ({Predecessor:} 12... O-O) 13. Rfd1 ({White should play} 13. axb5 $14 axb5 14. d5 cxd5 15. exd5 Bxc3 16. Qxc3 Bxd5 17. Qxg7 (17. Bxb5 O-O $14)) 13... b4 (13... O-O $11 {remains equal.}) 14. Bxb4 $16 Rb8 15. Bd6 $36 {[%mdl 2048] Keeping Black busy.} Bc7 16. Qa3 Bxd6 17. Qxd6 O-O 18. Rab1 a5 {[#]} (18... Nc8 $16 19. Qf4 Qa5) 19. Rd2 (19. Ne5 $1 $18 {[%cal Re5d7]} Nf6 20. Qc5) 19... Ba8 20. Rxb8 Nxb8 {[#]} 21. Qc5 $1 Nc8 (21... Nd7 $16 {was worth a try.} 22. Qa7 Ng6) 22. Ne5 $18 f6 23. Nc4 Na6 (23... Nd7 $142 24. Qxa5 Qxa5 25. Nxa5 Nd6) 24. Qxa5 Qxa5 25. Nxa5 Nc7 26. Rb2 Ne7 27. f3 Rd8 28. Rb4 e5 29. dxe5 fxe5 30. Bc4+ Kf8 31. Nb3 Ng6 32. g3 Ke7 33. Kf2 Nf8 34. f4 Nd7 35. a5 Ne6 (35... exf4 $142 36. gxf4 c5) 36. Bxe6 Kxe6 37. Ke3 Kd6 38. Nd2 c5 $2 (38... Kc7 {keeps fighting.} 39. Rc4 g6) 39. Nc4+ Kc7 40. Rb2 exf4+ 41. gxf4 Nf6 42. Ne5 Re8 43. Rb6 Bxe4 $2 (43... Kc8 44. Rb5 Nd7 45. Nxd7 Kxd7 46. Rxc5 g6) 44. Nb5+ {White is clearly winning.} ({Not} 44. Nxe4 Nd5+ 45. Kd3 Nxb6 $14) 44... Kd8 45. Rb8+ Ke7 46. Rxe8+ {[%mdl 64] Overworked Piece} Kxe8 47. Nd6+ {[%mdl 64] Double Attack} Ke7 48. Nxe4 Nd5+ 49. Kf3 {Accuracy: White = 66%, Black = 23%.} 1-0